<?xml version="1.0" encoding="UTF-8"?>
<record
    xmlns:xsi="http://www.w3.org/2001/XMLSchema-instance"
    xsi:schemaLocation="http://www.loc.gov/MARC21/slim http://www.loc.gov/standards/marcxml/schema/MARC21slim.xsd"
    xmlns="http://www.loc.gov/MARC21/slim">

  <leader>00601nam a22000977a 4500</leader>
  <datafield tag="999" ind1=" " ind2=" ">
    <subfield code="c">2912</subfield>
    <subfield code="d">2912</subfield>
  </datafield>
  <controlfield tag="008">190410|           ||| | ||||||0| ||spa d</controlfield>
  <datafield tag="245" ind1=" " ind2=" ">
    <subfield code="a">Hueso Manubrio del Estern&#xF3;n</subfield>
  </datafield>
  <datafield tag="300" ind1=" " ind2=" ">
    <subfield code="e">Hueso Manubrio del Estern&#xF3;n</subfield>
  </datafield>
  <datafield tag="653" ind1=" " ind2=" ">
    <subfield code="a">Hueso impar,mediano, grueso y sim&#xE9;trico</subfield>
    <subfield code="a">Hueso plano</subfield>
    <subfield code="a">Segmento superior o Manubrio del estern&#xF3;n</subfield>
    <subfield code="a">Situado en la parte anterior del tor&#xE1;x,entre los cartilagos costales derecho e izquierdo.</subfield>
    <subfield code="a">En la extremidad superior se encuentrala escotadura yugular y las escotaduras claviculares. </subfield>
    <subfield code="a">Articula en la extremidad superior con las clav&#xED;culas derecha e izquierda.</subfield>
  </datafield>
  <datafield tag="942" ind1=" " ind2=" ">
    <subfield code="c">HUESOS</subfield>
    <subfield code="2">ddc</subfield>
  </datafield>
  <datafield tag="952" ind1=" " ind2=" ">
    <subfield code="0">0</subfield>
    <subfield code="1">0</subfield>
    <subfield code="2">ddc</subfield>
    <subfield code="4">0</subfield>
    <subfield code="7">0</subfield>
    <subfield code="a">BFM</subfield>
    <subfield code="b">BFM</subfield>
    <subfield code="c">CR</subfield>
    <subfield code="d">2019-04-12</subfield>
    <subfield code="e">Donaci&#xF3;n Grecia Santill&#xE1;n, Abril 2019</subfield>
    <subfield code="l">2</subfield>
    <subfield code="p">HME8</subfield>
    <subfield code="r">2020-02-20</subfield>
    <subfield code="s">2020-02-20</subfield>
    <subfield code="t">Ej. 1</subfield>
    <subfield code="w">2019-04-12</subfield>
    <subfield code="y">HUESOS</subfield>
    <subfield code="z">Donaci&#xF3;n Grecia Santill&#xE1;n, Abril 2019</subfield>
  </datafield>
  <datafield tag="952" ind1=" " ind2=" ">
    <subfield code="0">0</subfield>
    <subfield code="1">0</subfield>
    <subfield code="2">ddc</subfield>
    <subfield code="4">0</subfield>
    <subfield code="7">0</subfield>
    <subfield code="a">BFM</subfield>
    <subfield code="b">BFM</subfield>
    <subfield code="c">CR</subfield>
    <subfield code="d">2020-03-04</subfield>
    <subfield code="e">Donaci&#xF3;n Noelia Moreno, Noviembre 2019.</subfield>
    <subfield code="l">0</subfield>
    <subfield code="p">HME111</subfield>
    <subfield code="r">2020-03-04</subfield>
    <subfield code="t">Ej. 2</subfield>
    <subfield code="w">2020-03-04</subfield>
    <subfield code="y">HUESOS</subfield>
    <subfield code="z">Donaci&#xF3;n Noelia Moreno, Noviembre 2019.</subfield>
  </datafield>
</record>
